04997nam a22002417a 4500003000900000005001700009008003000026020001500056040002200071082002900093100003200122245019200154260005400346300002200400500007200422505398700494650002904481650002604510651009004536651005704626700003004683700004204713DO-SdBNP20210414124650.0210217b2001 dr 00| 0 spa d a9993439134 aBPMSUbspacBPMSU aRD864.5bF727d, 2001222 aFornerín, Miguel Ángel  aLa dominicanidad viajera :bensayos sobre diáspora, cultura, sociedad,política y literatura en el Santo Domingo de fin de siglo /cMiguel Ángel Fornerín ; editor Govanni Di Pietro aPuerto Rico :bImago Mundi,eSanto Domingoc2001. a312 p. ;c23 cm.  aIncluye datos biográficos del autor en la solapa de la cubierta.0 aPrólogo -- Por ahí viene Juanita -- ¡Llegó Juanita! -- Los hijos de Juanita -- Un país imaginado -- La imaginación insular -- Nosotros y la nación -- Envío de valores -- Retorno al país natal -- La otra nación -- El Lover -- Fundar la nación -- Haití y nosotros -- La verdadera historia de Makandal -- Una dominicanidad angustiada -- Un país en construcción -- ¿Del burro a la yipeta o de la yipeta al burro? -- Nación, lengua y emigración -- La lengua del emigrado -- ¿Por qué se va la gente del país? -- El Peña Gómez de todos -- El emigrante como traidor -- Convergencias -- Divergencias -- Perspectivas migratorias -- El muerto viajero -- Imágenes del dominicano -- El merengue que somos -- La bachata: otro cantar -- A ritmo de tambora y con saxofones -- Un merengue que da la hora -- Los dominicanos y la ciudadanía americana -- La vaca yel conuco -- El pan chiquito de cada día -- Don Mon habla por Manuel -- El héroe Mon -- Nuestro sentido de las leyes -- Bosch y la educación -- Una descripción desoladora -- Un malestar en la cultura -- La cultura en muletas -- Universidad y cultura -- Los intelectuales -- Intelectualidad de la miseria -- Tenía que llegar, Febrero -- ¿Una nación esperanzada? -- La esperanza... -- No olvidemos a Haití -- Patria es... -- El ocaso de los líderes -- ¿Quién defiende al pueblo? -- Un bestiario político -- Analfabetos cash -- La comesola -- De su mismo género -- ¿Es la economía un estado del alma? -- ¿Cómo esta la cosa? -- El estado en la orilla -- El estado en el margen -- Un estado policíaco -- Los generales en su laberinto -- Ciudadanos o consumidores -- Olvido del pasado -- Pobres y consumidores -- La economía salvaje -- Curiosidades de la economía -- El artículo de las preguntas -- Como el chivo sin ley -- El presidente de Puerto Rico -- Sobre los líderes -- ¿Quién administra mejor? -- Entre la espadas, la palabra -- El burro, crítico literario -- La corrupción como cultura -- La política salvaje -- La violencia nuestra -- Las respuestas a la violencia -- Mirada irónica -- Instrucciones para robots -- La única patria -- Los proyectistas -- ¿Quién legitima a quién? -- Los males del popularismo -- Pan y poesía -- Contra la reelección -- La tecnoeuforia -- Un concierto para la esperanza 197 -- La sombra del guerrero 199 -- Balaguer, el hombre -- El hombre fuerte -- Los que quieren enterrar a Balaguer -- Señor, ora pro nobis -- En mi hambre mando yo -- De cosmética y frivolidades -- El alma y el cuerpo -- Balaguer y la poesía -- Balaguer, poeta -- El canon Balaguer -- Con los griegos -- Balaguer forever -- El doctor Cordones de ríe -- Buscando a Federico García Lorca -- El tiempo, el tiempo -- ¿Hay un hombre en el balcón? -- Los que comen solos -- Perdido en la biblioteca -- El palacio del Príncipe -- Iglesias debajo de los puentes -- Como yo nadie baila el carabiné -- La muerte minúscula, la muerte mayúscula -- Antígona en las islas -- El bufeo y los placeres -- Mientras dormía... -- El peatón es perro -- Hemos topado con la iglesia -- Se hacen prólogos -- Elogio de la brevedad -- Bosch, el político del siglo -- Como si el sur doliera -- Retratos -- Tristes trópicos -- De erratas y erritas -- Memorial por Manuel Rueda -- Año nuevo en Vieques -- Cosas del autoritarismo -- ¿Quién salvará a Elián González? -- La república náufraga -- La república náufraga (Segundo acto) -- La república náufraga (Tercer acto) -- La república náufraga (Cuarto acto) -- Juan Bosch, el fracasado -- En el museo de los relojes -- El componedor de relojes -- Borges y el viaje -- La esfera maravillosa -- El mundo de un país -- Esta noche, Juan -- Leer a Ortega y Gasset -- San Pedro de Macorís en la obra de Mir -- Nota final. 4aEnsayos Dominicanos 6  4aLiteratura dominicana 4aRepública dominicana xEmigración e Inmigración vEnsayos , coferencias, etc.  4aRepública DominicanaxCaracterísticas Nacionales1 aDi pietro, Giovannieed. 1 aLópez Ramírez, Tomás,epról.